=LDR 00000nam 2200000 4500 =001 INLIS000000000008700 =005 20130612100533 =008 ***********************************Ind** =035 ##$$0010-061300000008700 =041 ##$$a Ind =082 ##$$a 378.8 =090 ##$$a 378.8, Ilmu i =245 ##$$a Ilmu Pengatahuan Sosial (IPS) 2a Klas 1v =260 ##$$a 2000 $b Semarang =300 ##$$a vIII,89 hlm, Ilus, 30 cm =650 ##$$a IPS (Pendidikan Dasar)